000 01064nam0a22002291 4500
001 rc\3952829
005 20260408051736.0
035 _a(NLR Aleph) 007924339
090 _a8178118
_c8178118
100 _a20130415a19569999|||y0rusy50 ca
101 0 _arus
102 _aRU
105 _ay z |||||
200 1 _aИнформационно-методический бюллетень
_e№ 1-4
_fГл. упр. гидрометеослужбы при Совете Министров СССР. Сев. упр. гидрометеослужбы
210 _aАрхангельск
_cБ. и.
_d1956-
710 0 2 _aСеверное управление гидрометеорологической службы
_3RU\NLR\AUTH\8810197419
_9283841
801 0 _aRU
_bNLR
_gpsbo
801 1 _aRU
_bELAR
_2rusmarc
830 _aПеречень имеющихся в библиотеке томов, номеров, годов этого издания смотри в каталоге периодических изданий
852 _aNLR
_jП7/745
942 _cBOOK
980 _aNB